000 00559nam a2200193Ia 4500
005 20250508155826.0
008 008 250505s9999 xx 000 0 eng d
037 _aDissertations
040 _aFEDL
_beng
_cFEDL
041 _aeng
_2eng
084 _a375.5, BAS/DI
_qFEDL
100 _aBasu Ranjit Kumar
_9767571
245 0 _aPlace of elementary science in secondary schools in India
260 _c1951
300 _a48p.
546 _aM.Ed. Dissertation (Delhi University)
942 _cDIS
_h375.5, BAS/DI
999 _c1359475
_d1359475